[Event "Speed Chess (Women) Q2"]
[Site "Chess.com INT"]
[Date "2022.05.26"]
[Round "12"]
[White "Bayat, Shohreh"]
[Black "Mahdian, Anousha"]
[Result "0-1"]
[WhiteElo "2092"]
[BlackElo "2161"]
[PlyCount "104"]
[EventDate "2022.05.26"]
[EventType "swiss (blitz)"]
[EventRounds "14"]
[EventCountry "USA"]
[SourceTitle "CBM 208 Extra"]
[Source "ChessBase"]
[SourceDate "2022.07.31"]
[SourceVersion "1"]
[SourceVersionDate "2022.07.31"]
[SourceQuality "1"]

1. d4 d5 2. Nc3 c6 3. Nf3 Nf6 4. Bf4 Bf5 5. e3 e6 6. Ne5 h6 7. Bd3 Bxd3 8. Qxd3 Nbd7 9. 0-0 Nxe5 10. Bxe5 Be7 11. e4 dxe4 12. Nxe4 Nxe4 13. Qxe4 Qd5 14. Rfe1 Qxe4 15. Rxe4 0-0 16. c3 b5 17. a3 a5 18. Rae1 Rfd8 19. Rg4 Bf8 20. Bf4 Kh7 21. Bg3 b4 22. axb4 axb4 23. Rge4 bxc3 24. bxc3 Ra3 25. R4e3 Rd7 26. f4 Rb7 27. R1e2 Rbb3 28. Be1 Bb4 29. Kf2 Bxc3 30. Bxc3 Rxc3 31. Rxc3 Rxc3 32. Ra2 Kg6 33. Ra5 Rc4 34. Ke3 Rc2 35. Kf3 Kf6 36. h3 g6 37. g4 Rc3+ 38. Kg2 Rc4 39. Ra6 Rxd4 40. Rxc6 Rxf4 41. Kg3 Ra4 42. Rc3 Ra5 43. h4 g5 44. Rf3+ Kg7 45. hxg5 hxg5 46. Re3 Kf6 47. Kf3 Kg6 48. Rb3 f5 49. Rb6 Ra3+ 50. Kg2 Kf7 51. gxf5 exf5 52. Ra6 Rxa6 0-1

[Event "Speed Chess (Women) Q2"]
[Site "Chess.com INT"]
[Date "2022.05.26"]
[Round "9"]
[White "February, Jesse Nikki"]
[Black "Bayat, Shohreh"]
[Result "0-1"]
[WhiteElo "1890"]
[BlackElo "2092"]
[PlyCount "54"]
[EventDate "2022.05.26"]
[EventType "swiss (blitz)"]
[EventRounds "14"]
[EventCountry "USA"]
[SourceTitle "CBM 208 Extra"]
[Source "ChessBase"]
[SourceDate "2022.07.31"]
[SourceVersion "1"]
[SourceVersionDate "2022.07.31"]
[SourceQuality "1"]

1. e4 e6 2. d4 d5 3. Nd2 c5 4. dxc5 Bxc5 5. exd5 Qxd5 6. Ngf3 Nf6 7. Bc4 Qd7 8. 0-0 0-0 9. Nb3 Bd6 10. Bg5 Qc7 11. Bd3 Nbd7 12. Nbd4 a6 13. Re1 b5 14. c3 Bb7 15. h3 e5 16. Nf5 e4 17. Bc2 exf3 18. Nxd6 fxg2 19. Re7 Nd5 20. Qd3 g6 21. Nf5 Nxe7 22. Nxe7+ Kg7 23. Rd1 Ne5 24. Qd4 f6 25. Nf5+ gxf5 26. Bh6+ Kxh6 27. Qf4+ Kg7 0-1

[Event "Speed Chess (Women) Q2"]
[Site "Chess.com INT"]
[Date "2022.05.26"]
[Round "7"]
[White "Kazarian, Anna Maja"]
[Black "Bayat, Shohreh"]
[Result "1-0"]
[WhiteElo "2135"]
[BlackElo "2092"]
[PlyCount "109"]
[EventDate "2022.05.26"]
[EventType "swiss (blitz)"]
[EventRounds "14"]
[EventCountry "USA"]
[SourceTitle "CBM 208 Extra"]
[Source "ChessBase"]
[SourceDate "2022.07.31"]
[SourceVersion "1"]
[SourceVersionDate "2022.07.31"]
[SourceQuality "1"]

1. e4 e6 2. d4 d5 3. exd5 exd5 4. c4 Nf6 5. Nc3 Be7 6. Bd3 dxc4 7. Bxc4 c6 8. Nge2 Nbd7 9. 0-0 Nb6 10. Bb3 Nbd5 11. Qd3 Be6 12. Bg5 Nb4 13. Qd2 Bxb3 14. axb3 Nbd5 15. Nxd5 Nxd5 16. Bxe7 Qxe7 17. Nc3 0-0 18. Rfe1 Qd6 19. Ne4 Qb4 20. Qd3 a6 21. Rad1 Rad8 22. Qg3 Qb6 23. Nc5 Rfe8 24. Rxe8+ Rxe8 25. Qd6 Qb4 26. h3 h6 27. Kh2 b6 28. Qd7 Re1 29. Rxe1 Qxe1 30. Qc8+ Kh7 31. Nd7 Qxf2 32. Qxc6 Qf4+ 33. Kg1 Qxd4+ 34. Kh1 Qd1+ 35. Kh2 Nf6 36. Nxf6+ gxf6 37. Qxf6 Qd5 38. Qxb6 Qe5+ 39. Kg1 Qe1+ 40. Kh2 Qe5+ 41. Kh1 Qe1+ 42. Qg1 Qb4 43. Qb1+ Kg7 44. Qd1 a5 45. Kg1 Qc5+ 46. Kf1 Kf6 47. Qf3+ Ke6 48. Qe4+ Kd6 49. Ke2 Qb5+ 50. Kd2 Qxb3 51. Qf4+ Kc5 52. Qe5+ Kb6 53. Qf6+ Qe6 54. Qd4+ Ka6 55. Kc3 1-0

[Event "Speed Chess (Women) Q2"]
[Site "Chess.com INT"]
[Date "2022.05.26"]
[Round "14"]
[White "Sachdev, Tania"]
[Black "Bayat, Shohreh"]
[Result "1-0"]
[WhiteElo "2399"]
[BlackElo "2092"]
[PlyCount "101"]
[EventDate "2022.05.26"]
[EventType "swiss (blitz)"]
[EventRounds "14"]
[EventCountry "USA"]
[SourceTitle "CBM 208 Extra"]
[Source "ChessBase"]
[SourceDate "2022.07.31"]
[SourceVersion "1"]
[SourceVersionDate "2022.07.31"]
[SourceQuality "1"]

1. d4 e6 2. c4 d5 3. Nf3 f5 4. g3 Nf6 5. Bg2 c6 6. 0-0 Bd6 7. b3 0-0 8. Ba3 Ne4 9. Bxd6 Qxd6 10. Qc2 Nd7 11. Nc3 Ndf6 12. c5 Qc7 13. Ne5 Nxc3 14. Qxc3 Nd7 15. Nd3 Re8 16. f4 Nf6 17. b4 a6 18. a4 Ne4 19. Qc2 Bd7 20. Ne5 Ra7 21. Bxe4 fxe4 22. e3 Raa8 23. g4 Rf8 24. Rf2 Be8 25. Rg2 Qe7 26. g5 Bh5 27. Rf1 Rf5 28. Qf2 Raf8 29. Qh4 Qe8 30. Rg3 Be2 31. Rh3 h5 32. Re1 Rxe5 33. Rxe2 Ref5 34. Qxh5 Qxh5 35. Rxh5 Kf7 36. Rh3 Rg8 37. Rg3 g6 38. h4 Rh8 39. Rh2 Rh5 40. Rgg2 Kg7 41. Rb2 Rf8 42. Kg2 Kf7 43. b5 axb5 44. axb5 Ra8 45. Kg3 Ra3 46. Rhe2 Ke7 47. bxc6 bxc6 48. Rb7+ Kd8 49. Rg7 Ra1 50. Rb2 Rg1+ 51. Kf2 1-0

[Event "Speed Chess (Women) Q1"]
[Site "Chess.com INT"]
[Date "2022.05.25"]
[Round "10"]
[White "Bayat, Shohreh"]
[Black "Avramidou, Anastasia"]
[Result "0-1"]
[WhiteElo "2092"]
[BlackElo "2274"]
[PlyCount "94"]
[EventDate "2022.05.24"]
[EventType "swiss (blitz)"]
[EventRounds "14"]
[EventCountry "USA"]
[SourceTitle "CBM 208 Extra"]
[Source "ChessBase"]
[SourceDate "2022.07.31"]
[SourceVersion "1"]
[SourceVersionDate "2022.07.31"]
[SourceQuality "1"]

1. d4 Nf6 2. Nc3 d5 3. Bf4 e6 4. Nf3 Be7 5. e3 0-0 6. Bd3 c5 7. dxc5 Nbd7 8. b4 a5 9. a3 Nh5 10. Bg3 Nxg3 11. hxg3 Nf6 12. 0-0 b6 13. cxb6 Qxb6 14. bxa5 Qxa5 15. Ne2 Bd7 16. c4 Ba4 17. Qd2 Rfd8 18. Qxa5 Rxa5 19. cxd5 Nxd5 20. Ned4 g6 21. Rfc1 Bf6 22. Bc2 e5 23. Bxa4 exd4 24. Bb3 dxe3 25. Rab1 exf2+ 26. Kxf2 Nc3 27. a4 Nxb1 28. Rxb1 Kg7 29. Rc1 Rb8 30. Bd1 Rb2+ 31. Kg1 Ra2 32. Kh2 Ra7 33. g4 h6 34. Kg3 Rb7 35. Rc5 Rbb2 36. Ne1 Ra1 37. Rd5 Rbb1 38. Bf3 Rxe1 39. Rd7 Re7 40. Rd5 Rxa4 41. Rb5 Ra2 42. Rb3 Bd4 43. Rb5 Bf2+ 44. Kh3 Ra1 45. Kh2 Ree1 46. g3 Bd4 47. Rd5 Bf6 0-1

[Event "Speed Chess (Women) Q1"]
[Site "Chess.com INT"]
[Date "2022.05.25"]
[Round "9"]
[White "Li, Xueyi"]
[Black "Bayat, Shohreh"]
[Result "0-1"]
[WhiteElo "2280"]
[BlackElo "2092"]
[PlyCount "108"]
[EventDate "2022.05.24"]
[EventType "swiss (blitz)"]
[EventRounds "14"]
[EventCountry "USA"]
[SourceTitle "CBM 208 Extra"]
[Source "ChessBase"]
[SourceDate "2022.07.31"]
[SourceVersion "1"]
[SourceVersionDate "2022.07.31"]
[SourceQuality "1"]

1. d4 e6 2. c4 d5 3. Nf3 f5 4. g3 Nf6 5. Bg2 c6 6. 0-0 Bd6 7. b3 Qe7 8. a4 a5 9. Ba3 0-0 10. Bxd6 Qxd6 11. Nc3 Nbd7 12. Qc2 Ne4 13. Nd2 Nxc3 14. Qxc3 f4 15. e4 fxe3 16. Qxe3 Nf6 17. h3 Bd7 18. Nf3 Rae8 19. Ne5 Bc8 20. Rab1 Nd7 21. Nd3 dxc4 22. bxc4 e5 23. Nxe5 Nxe5 24. dxe5 Rxe5 25. Qb3 Kh8 26. Rbd1 Qc5 27. Rd2 Ref5 28. Qc2 R5f6 29. Rfd1 Be6 30. Bf1 Rf3 31. Kg2 R3f6 32. Rd8 Bd5+ 33. R1xd5 cxd5 34. Rxf8+ Rxf8 35. f4 dxc4 36. Qxc4 Qxc4 37. Bxc4 Rc8 38. Bb5 Rc5 39. Be8 Kg8 40. Kf3 Kf8 41. Bd7 Rc3+ 42. Kg4 Ke7 43. Bb5 Rb3 44. Bc4 Rb4 45. Bd3 Rxa4 46. Bxh7 Rb4 47. Bg8 a4 48. Kg5 Rb3 49. Kg4 Rc3 50. h4 a3 51. h5 Rc2 52. Kg5 a2 53. Bxa2 Rxa2 54. g4 Kf7 0-1

[Event "English Online Blitz (Women)"]
[Site "Chess.com INT"]
[Date "2020.05.16"]
[Round "1.23"]
[White "Bayat, Shohreh"]
[Black "Dicen, Imogen"]
[Result "1-0"]
[WhiteElo "2091"]
[BlackElo "1630"]
[PlyCount "75"]
[EventDate "2020.05.16"]
[EventType "k.o. (blitz)"]
[EventRounds "4"]
[EventCountry "ENG"]
[SourceTitle "CBM 196 Extra"]
[Source "ChessBase"]
[SourceDate "2020.07.31"]
[SourceVersion "1"]
[SourceVersionDate "2020.07.31"]
[SourceQuality "1"]

1. e4 c5 2. Nf3 Nc6 3. c3 d6 4. Bd3 e5 5. Bc2 Nge7 6. d3 g6 7. 0-0 Bg7 8. Be3 0-0 9. Nbd2 f5 10. Nc4 b5 11. Na3 a6 12. Bb3+ d5 13. exd5 Nxd5 14. Bg5 Qd6 15. c4 h6 16. cxd5 Nd4 17. Nxd4 exd4 18. Bd2 Kh7 19. Qf3 f4 20. Rae1 g5 21. h3 Bf5 22. Nc2 a5 23. a4 bxa4 24. Bxa4 Rab8 25. b3 Ra8 26. Na3 h5 27. Nc4 Qc7 28. Qxh5+ Bh6 29. d6 Qd8 30. Re7+ Kg8 31. Qxh6 Qxe7 32. dxe7 Rf7 33. Qxg5+ Kh8 34. e8Q+ Rxe8 35. Bxe8 Rf8 36. Bg6 Bxg6 37. Qxg6 Rg8 38. Qh6# 1-0

[Event "English Online Blitz (Women)"]
[Site "Chess.com INT"]
[Date "2020.05.16"]
[Round "1.22"]
[White "Dicen, Imogen"]
[Black "Bayat, Shohreh"]
[Result "0-1"]
[WhiteElo "1630"]
[BlackElo "2091"]
[PlyCount "134"]
[EventDate "2020.05.16"]
[EventType "k.o. (blitz)"]
[EventRounds "4"]
[EventCountry "ENG"]
[SourceTitle "CBM 196 Extra"]
[Source "ChessBase"]
[SourceDate "2020.07.31"]
[SourceVersion "1"]
[SourceVersionDate "2020.07.31"]
[SourceQuality "1"]

1. d4 d5 2. c4 c6 3. Nc3 e6 4. Bf4 Bd6 5. Bxd6 Qxd6 6. cxd5 exd5 7. Nf3 Nf6 8. e3 0-0 9. Be2 Bf5 10. 0-0 Nbd7 11. Rc1 Ne4 12. Nd2 Ndf6 13. f3 Nxd2 14. Qxd2 Rfe8 15. Rfe1 Re7 16. Bd3 Bxd3 17. Qxd3 Rae8 18. Re2 Re6 19. Rce1 Qe7 20. e4 dxe4 21. fxe4 Rd8 22. d5 cxd5 23. exd5 Rxe2 24. Rxe2 Qc5+ 25. Kh1 h6 26. h3 Qd6 27. Rd2 g6 28. Ne4 Nxe4 29. Qxe4 Kg7 30. Qd4+ Qf6 31. Qe3 Rd7 32. Kh2 a6 33. g3 Re7 34. Qd3 Rd7 35. Kg2 Qe5 36. Qc3 Qxc3 37. bxc3 b5 38. Kf3 f5 39. Kf4 Kf6 40. h4 g5+ 41. hxg5+ hxg5+ 42. Kf3 Ke5 43. Rh2 Rxd5 44. Re2+ Kf6 45. Rc2 Rc5 46. a3 Rc4 47. Ke3 Ke5 48. Kf3 f4 49. gxf4+ Rxf4+ 50. Kg3 Kf5 51. Re2 Rc4 52. Rc2 g4 53. Rf2+ Kg5 54. Rc2 a5 55. Rc1 b4 56. axb4 axb4 57. Kg2 Rxc3 58. Rb1 b3 59. Kg1 g3 60. Kg2 Kg4 61. Kg1 Rc2 62. Kf1 b2 63. Kg1 Rc1+ 64. Rxc1 bxc1Q+ 65. Kg2 Qd2+ 66. Kg1 Qf2+ 67. Kh1 Qh2# 0-1

[Event "English Online Blitz Gp2"]
[Site "Chess.com INT"]
[Date "2020.05.09"]
[Round "1"]
[White "Bayat, Shohreh"]
[Black "Patel, Zain"]
[Result "1/2-1/2"]
[WhiteElo "2091"]
[BlackElo "1314"]
[PlyCount "110"]
[EventDate "2020.05.09"]
[EventType "swiss (blitz)"]
[EventRounds "11"]
[EventCountry "ENG"]
[SourceTitle "CBM 196 Extra"]
[Source "ChessBase"]
[SourceDate "2020.07.31"]
[SourceVersion "1"]
[SourceVersionDate "2020.07.31"]
[SourceQuality "1"]

1. e4 c5 2. Nf3 d6 3. Bb5+ Bd7 4. Bxd7+ Nxd7 5. 0-0 Ngf6 6. Re1 a6 7. c3 e6 8. d4 cxd4 9. cxd4 b5 10. a3 Be7 11. Nc3 0-0 12. Qd3 Rc8 13. e5 dxe5 14. dxe5 Nc5 15. Qe2 Nd3 16. Rd1 Nxc1 17. Rxd8 Nxe2+ 18. Nxe2 Rfxd8 19. exf6 Bxf6 20. Rb1 Rc2 21. Ng3 Rxb2 22. Rc1 Ra2 23. h3 Rxa3 24. Ne4 Bb2 25. Rb1 Ra1 26. Rf1 Rxf1+ 27. Kxf1 Rd1+ 28. Ke2 Rd8 29. Nfd2 Ra8 30. Nd6 a5 31. Nxb5 a4 32. Nc4 a3 33. Nbxa3 Bxa3 34. Nd2 Rd8 35. f3 Bb4 36. Ne4 f5 37. Ng5 Rd2+ 38. Ke3 Rxg2 39. Nxe6 Bd2+ 40. Kd3 Kf7 41. Nd4 g6 42. Ne2 Bh6 43. Nd4 Bg7 44. Nc6 Kf6 45. Nd4 g5 46. Ne2 h5 47. f4 g4 48. hxg4 hxg4 49. Ke3 Bh6 50. Nc3 Rg3+ 51. Kf2 Rxc3 52. Kg2 g3 53. Kh1 Bxf4 54. Kg2 Rc2+ 55. Kg1 g2 1/2-1/2

[Event "BCF-chT3Sa 1920 (4NCL)"]
[Site "England"]
[Date "2020.02.09"]
[Round "6.24"]
[White "Bayat, Shohreh"]
[Black "Tambini, Jasper"]
[Result "1-0"]
[WhiteElo "2089"]
[BlackElo "2049"]
[PlyCount "75"]
[EventDate "2019.11.09"]
[EventType "team-tourn"]
[EventRounds "11"]
[EventCountry "ENG"]
[SourceTitle "EXT 2023"]
[Source "ChessBase"]
[SourceDate "2022.10.05"]
[SourceVersion "1"]
[SourceVersionDate "2022.10.05"]
[SourceQuality "1"]
[WhiteTeam "CSC"]
[BlackTeam "Surbiton"]
[WhiteTeamCountry "ENG"]
[BlackTeamCountry "ENG"]

1. d4 d5 2. Nc3 Nf6 3. Nf3 e6 4. Bf4 a6 5. a3 c5 6. e3 Nc6 7. Bd3 Bd6 8. Bxd6 Qxd6 9. dxc5 Qxc5 10. e4 d4 11. Ne2 e5 12. 0-0 Bg4 13. Ng3 h5 14. h3 h4 15. hxg4 hxg3 16. Ng5 gxf2+ 17. Rxf2 Rh4 18. Qe2 Ke7 19. Raf1 Rah8 20. Nh3 Nd8 21. b4 Qc8 22. g5 Nh5 23. Rf5 f6 24. Qf3 Ne6 25. gxf6+ gxf6 26. Rxh5 R4xh5 27. Qxf6+ Kd6 28. Rf5 R5h6 29. Qxe5+ Ke7 30. Nf4 Rh1+ 31. Kf2 R8h6 32. Nxe6 Qxe6 33. Qc7+ Ke8 34. Re5 Rf6+ 35. Ke2 Rhf1 36. Rxe6+ Rxe6 37. Qc8+ Kf7 38. Qxe6+ 1-0

[Event "Dubai op 12th"]
[Site "Dubai"]
[Date "2010.04.05"]
[Round "1"]
[White "Harika, Dronavalli"]
[Black "Bayat, Shohreh"]
[Result "1-0"]
[WhiteElo "2473"]
[BlackElo "1999"]
[PlyCount "64"]
[EventDate "2010.04.05"]
[EventType "swiss"]
[EventRounds "9"]
[EventCountry "UAE"]
[SourceTitle "CBM 135 Extra"]
[Source "ChessBase"]
[SourceDate "2010.05.04"]
[SourceVersion "1"]
[SourceVersionDate "2010.05.04"]
[SourceQuality "1"]

1. Nf3 e6 2. c4 Nf6 3. g3 b6 4. Bg2 Bb7 5. 0-0 Be7 6. Nc3 0-0 7. Re1 d5 8. cxd5 Nxd5 9. e4 Nb4 10. d4 c5 11. a3 cxd4 12. Nxd4 N4c6 13. Nxc6 Nxc6 14. e5 Qxd1 15. Rxd1 Rad8 16. Be3 Rxd1+ 17. Rxd1 Rd8 18. Rc1 Rd7 19. f4 Na5 20. Bxb7 Nxb7 21. Nb5 a6 22. Nc3 b5 23. Ne4 Na5 24. Nd2 h6 25. Kf1 Nb7 26. Ke2 a5 27. Rc8+ Kh7 28. Ne4 Kg6 29. Rc6 Nd8 30. Ra6 a4 31. Rb6 Rb7 32. Rxb7 Nxb7 1-0

[Event "IRI-ch (Women)"]
[Site "Tehran"]
[Date "2008.02.22"]
[Round "7"]
[White "Hemmatizadeh, Nina"]
[Black "Bayat, Shohreh"]
[Result "1/2-1/2"]
[WhiteElo "1915"]
[BlackElo "2055"]
[PlyCount "96"]
[EventDate "2008.02.16"]
[EventType "tourn"]
[EventRounds "11"]
[EventCountry "IRI"]
[SourceTitle "CBM 123 Extra"]
[Source "ChessBase"]
[SourceDate "2008.05.06"]
[SourceVersion "1"]
[SourceVersionDate "2008.05.06"]
[SourceQuality "1"]

1. c4 d5 2. cxd5 Nf6 3. Nc3 Nxd5 4. g3 g6 5. Bg2 c6 6. d4 Bg7 7. Nf3 0-0 8. 0-0 Be6 9. a3 h6 10. Qc2 a5 11. Rd1 Nb6 12. b3 Nd5 13. Nxd5 Qxd5 14. Be3 Qxb3 15. Qd2 Qd5 16. Bxh6 Qd8 17. Bxg7 Kxg7 18. Qb2 Bd5 19. Qxb7 Nd7 20. Nd2 Bxg2 21. Kxg2 Nf6 22. Nf3 Qd6 23. Rdc1 Rfc8 24. Rc5 Rab8 25. Qa6 Ra8 26. Qc4 Nd7 27. Rg5 c5 28. Rd5 Nb6 29. Rxd6 Nxc4 30. Rd7 Kf8 31. Rb1 cxd4 32. Rbb7 Nd6 33. Ra7 Rxa7 34. Rxa7 Nc4 35. Nxd4 Nxa3 36. Rxa5 Nc2 37. Nxc2 Rxc2 38. e3 Rc7 39. h4 Kg7 40. g4 e6 41. h5 gxh5 42. gxh5 Rc4 43. Kg3 Kh6 44. f4 Re4 45. Kf3 f5 46. Ra1 Kxh5 47. Rg1 Kh6 48. Rg3 Ra4 1/2-1/2

[Event "IRI-ch (Women)"]
[Site "Tehran"]
[Date "2008.02.21"]
[Round "6"]
[White "Bayat, Shohreh"]
[Black "Pourkashiyan, Atousa"]
[Result "0-1"]
[WhiteElo "2055"]
[BlackElo "2282"]
[PlyCount "126"]
[EventDate "2008.02.16"]
[EventType "tourn"]
[EventRounds "11"]
[EventCountry "IRI"]
[SourceTitle "CBM 123 Extra"]
[Source "ChessBase"]
[SourceDate "2008.05.06"]
[SourceVersion "1"]
[SourceVersionDate "2008.05.06"]
[SourceQuality "1"]

1. e4 c5 2. Nf3 e6 3. c3 Nf6 4. e5 Nd5 5. Bc4 d6 6. 0-0 Nc6 7. d4 cxd4 8. cxd4 Be7 9. Bd2 0-0 10. Nc3 Nxc3 11. Bxc3 a6 12. exd6 Qxd6 13. d5 exd5 14. Qxd5 Bg4 15. Ne5 Nxe5 16. Qxe5 Qxe5 17. Bxe5 Rac8 18. Rac1 Rfd8 19. Bb3 Bc5 20. h3 Bh5 21. Bc3 Kf8 22. g4 Bg6 23. Rfe1 b6 24. Kg2 Bd3 25. Rcd1 a5 26. Rd2 Bb5 27. Rxd8+ Rxd8 28. Rd1 Re8 29. Rd2 h6 30. Bd5 Re1 31. Bf3 Re8 32. Rd1 Bc4 33. b3 Be6 34. Bd4 Bxd4 35. Rxd4 Ke7 36. b4 Rc8 37. bxa5 bxa5 38. a3 Rc3 39. Ra4 Rc5 40. Rd4 Kf6 41. Rd3 Ke5 42. Kg3 Rc1 43. Bg2 g5 44. h4 Rc4 45. Re3+ Kd6 46. f3 Rd4 47. hxg5 hxg5 48. Bf1 Rf4 49. Bb5 Bd5 50. Rc3 Ke5 51. a4 Kd4 52. Rd3+ Kc5 53. Rc3+ Kb4 54. Re3 f6 55. Bd7 Bb3 56. Bc6 Bxa4 57. Re4+ Rxe4 58. Bxe4 Bb3 59. Bc6 Kc5 60. Be8 a4 61. Bxa4 Bxa4 62. f4 Kd4 63. fxg5 fxg5 0-1

[Event "IRI-ch (Women)"]
[Site "Tehran"]
[Date "2008.02.17"]
[Round "2"]
[White "Bayat, Shohreh"]
[Black "Navabi, Shirin"]
[Result "0-1"]
[WhiteElo "2055"]
[BlackElo "2120"]
[PlyCount "60"]
[EventDate "2008.02.16"]
[EventType "tourn"]
[EventRounds "11"]
[EventCountry "IRI"]
[SourceTitle "CBM 123 Extra"]
[Source "ChessBase"]
[SourceDate "2008.05.06"]
[SourceVersion "1"]
[SourceVersionDate "2008.05.06"]
[SourceQuality "1"]

1. e4 g6 2. Nf3 Bg7 3. d4 d6 4. Nc3 a6 5. Bg5 b5 6. a3 Bb7 7. Be2 Nd7 8. Qd3 c5 9. 0-0 h6 10. Be3 Ngf6 11. e5 c4 12. Qd2 Nd5 13. Nxd5 Bxd5 14. exd6 exd6 15. Bf4 Nf6 16. Rfe1 Ne4 17. Bd3 f5 18. Qb4 cxd3 19. cxd3 0-0 20. dxe4 fxe4 21. Bxd6 exf3 22. Bxf8 Qg5 23. g3 Bxf8 24. Qc3 Qf5 25. Kh1 Qh3 26. Rg1 Bd6 27. Qd3 Kh7 28. Rae1 Rf8 29. Qe3 Rf5 30. Qe8 Qxh2+ 0-1

[Event "Asia-ch (Women) 12th"]
[Site "Tehran"]
[Date "2007.09.10"]
[Round "8"]
[White "Bayat, Shohreh"]
[Black "Mouradian, Knarik Jacob"]
[Result "1-0"]
[WhiteElo "2066"]
[BlackElo "2164"]
[PlyCount "73"]
[EventDate "2007.09.03"]
[EventType "swiss"]
[EventRounds "9"]
[EventCountry "IRI"]
[SourceTitle "CBM 120 Extra"]
[Source "ChessBase"]
[SourceDate "2007.11.01"]
[SourceVersion "1"]
[SourceVersionDate "2007.11.01"]
[SourceQuality "1"]

1. e4 c5 2. Nf3 Nc6 3. Bb5 Nd4 4. Nxd4 cxd4 5. 0-0 a6 6. Bc4 g6 7. d3 Bg7 8. a4 d6 9. Nd2 e5 10. f4 f6 11. Kh1 Ne7 12. c3 Nc6 13. Nf3 Bg4 14. Qb3 Qc7 15. Bd5 Rb8 16. Bd2 dxc3 17. bxc3 Ke7 18. Be3 Rhc8 19. Bb6 Qd7 20. Bxc6 Rxc6 21. fxe5 Be6 22. Qb4 fxe5 23. a5 Rbc8 24. Rac1 Bf6 25. Rc2 Rf8 26. Rcf2 Rcc8 27. Be3 Qc6 28. c4 Bg7 29. Nxe5 Bxe5 30. Bg5+ Bf6 31. Bxf6+ Kd7 32. h3 Rf7 33. Rb1 Rc7 34. Bd4 Rc8 35. Qa3 Rxf2 36. Bxf2 Rf8 37. Bg3 1-0

[Event "Asia-ch (Women) 12th"]
[Site "Tehran"]
[Date "2007.09.06"]
[Round "4"]
[White "Bayat, Shohreh"]
[Black "Amrutha, Mokal"]
[Result "1/2-1/2"]
[WhiteElo "2066"]
[BlackElo "2166"]
[PlyCount "80"]
[EventDate "2007.09.03"]
[EventType "swiss"]
[EventRounds "9"]
[EventCountry "IRI"]
[SourceTitle "CBM 120 Extra"]
[Source "ChessBase"]
[SourceDate "2007.11.01"]
[SourceVersion "1"]
[SourceVersionDate "2007.11.01"]
[SourceQuality "1"]

1. e4 c5 2. Nf3 e6 3. c3 Nf6 4. e5 Nd5 5. Na3 Be7 6. Nc4 0-0 7. d4 cxd4 8. cxd4 b5 9. Ne3 Bb7 10. Nxd5 Bxd5 11. Bd3 Nc6 12. 0-0 Qb6 13. Be3 g6 14. Be2 Rac8 15. a3 Na5 16. Nd2 Nc4 17. Nxc4 bxc4 18. Qc2 Qb7 19. f3 d6 20. Rab1 a5 21. Rfc1 f5 22. Qc3 f4 23. Bf2 a4 24. Bd1 Qb5 25. Bc2 Ra8 26. exd6 Bxd6 27. Be4 Qb3 28. Qxb3 axb3 29. Be1 Kg7 30. Bc3 Kf6 31. Kf2 h6 32. Ra1 Ra4 33. Re1 g5 34. Re2 Rf7 35. Rae1 Re7 36. h3 Raa7 37. Ra1 Ra4 38. Rae1 Raa7 39. Ra1 Ra4 40. Rae1 Raa7 1/2-1/2

[Event "Asia-ch (Women) 12th"]
[Site "Tehran"]
[Date "2007.09.04"]
[Round "2"]
[White "Wang, Yu A"]
[Black "Bayat, Shohreh"]
[Result "1-0"]
[WhiteElo "2384"]
[BlackElo "2066"]
[PlyCount "95"]
[EventDate "2007.09.03"]
[EventType "swiss"]
[EventRounds "9"]
[EventCountry "IRI"]
[SourceTitle "CBM 120 Extra"]
[Source "ChessBase"]
[SourceDate "2007.11.01"]
[SourceVersion "1"]
[SourceVersionDate "2007.11.01"]
[SourceQuality "1"]

1. e4 e6 2. d4 d5 3. Nd2 c5 4. exd5 Qxd5 5. Ngf3 cxd4 6. Bc4 Qd6 7. 0-0 Nf6 8. Nb3 Nc6 9. Nbxd4 Nxd4 10. Nxd4 a6 11. Bb3 Qc7 12. c3 Bd6 13. h3 0-0 14. Bc2 Bh2+ 15. Kh1 Bf4 16. Qf3 Bxc1 17. Raxc1 Rb8 18. c4 b6 19. b4 Bb7 20. Qe3 Rfc8 21. a3 Qd6 22. Bb3 Be4 23. Rfd1 Qe7 24. f3 Ba8 25. Nf5 Qc7 26. Nxg7 Qg3 27. Nxe6 Bxf3 28. Qxf3 Qxf3 29. gxf3 fxe6 30. Rd6 Kf7 31. c5 bxc5 32. Rxe6 Kg7 33. Rg1+ Kh8 34. Rxf6 cxb4 35. axb4 Rxb4 36. Be6 Re8 37. Bd7 Ra8 38. Rf7 Rb6 39. Bf5 Rh6 40. Rgg7 a5 41. Rxh7+ Rxh7 42. Rxh7+ Kg8 43. Rc7 Ra6 44. Bd3 Ra8 45. Bc4+ Kh8 46. Bd5 Ra6 47. Rc8+ Kg7 48. Ra8 1-0

[Event "IRI-ch (Women)"]
[Site "Tehran"]
[Date "2004.08.??"]
[Round "3"]
[White "Bayat, Shohreh"]
[Black "Pourkashiyan, Atousa"]
[Result "0-1"]
[WhiteElo "2092"]
[BlackElo "2229"]
[PlyCount "60"]
[EventDate "2004.08.28"]
[EventType "swiss"]
[EventRounds "11"]
[EventCountry "IRI"]
[SourceTitle "CBM 102 Extra"]
[Source "ChessBase"]
[SourceDate "2004.11.03"]
[SourceVersion "1"]
[SourceVersionDate "2004.11.03"]
[SourceQuality "1"]

1. e4 c5 2. Nf3 e6 3. d4 cxd4 4. Nxd4 a6 5. g3 d5 6. Nf3 Nf6 7. exd5 Qxd5 8. Qxd5 Nxd5 9. Bg2 Nc6 10. Bd2 Bc5 11. a3 0-0 12. 0-0 Nb6 13. Bf4 f6 14. Nbd2 e5 15. Be3 Bxe3 16. fxe3 Be6 17. Rfe1 Rac8 18. b3 Rfd8 19. Ne4 Na5 20. Re2 Rc7 21. Ne1 h6 22. Nd2 Rcd7 23. Nef3 Nd5 24. c4 Nc3 25. Rf2 e4 26. Nd4 Rxd4 27. exd4 e3 28. Rf3 Ne2+ 29. Kf1 exd2 30. Re3 Nxd4 0-1